| 000 | 00971nam2a2200229 4500 | ||
|---|---|---|---|
| 001 | rc\2646867 | ||
| 005 | 20260315042915.0 | ||
| 035 | _a(NLR Aleph) 006954545 | ||
| 090 |
_a13562663 _c13562663 |
||
| 100 | _a20110609d1930 u y0rusy50 ca | ||
| 101 | 0 | _arus | |
| 102 | _aRU | ||
| 105 | _aba z ||||| | ||
| 200 | 1 |
_aМатериальная культура казанских татар _e(Опыт этног. исследования) |
|
| 210 | _d1930 | ||
| 215 |
_aXIV, 464 с., 1 вкл. карт. _cкарт., ил. |
||
| 461 | 0 |
_1001rc\2646865 _12001#$aТруды Дома татарской культуры$eТ. 1$vТ. 2 _95280314 _aДом татарской культуры (Казань) _cКазань _d1930 _nДом тат. культуры и Акад. центр ТНКП _oТ. 1 _tТруды Дома татарской культуры _vТ. 2 |
|
| 801 | 0 |
_aRU _bNLR _gpsbo |
|
| 801 | 1 |
_aRU _bELAR _2rusmarc |
|
| 852 |
_aNLR _j30-18/41 |
||
| 942 | _cUNSPEC | ||
| 980 | _aNB | ||